000 00676nam a2200253Ia 4500
003 OSt
005 20220918195326.0
006 a|||||r|||| 00| 0
007 ta
008 220917b |||||||| |||| 00| 0 eng d
024 _a84,585
037 _cTextual
040 _aARTS
_cARTS
_beng
041 _2eng
_aeng
082 _aSM9,10aY2.2, M1-;3
100 _aKakar S
_990029
245 0 _aInner world
_b a psychoanalytic study of childhood and society in India
250 _a2nd
260 _aOxford
_bO U P
_c1981
300 _a241p.
_ccm.
650 _aPSYCHOLOGY
942 _hSM9,10aY2.2, M1-;3
_cTEXL
_2CC
999 _c208299
_d208299